| 000 | 01237cam a2200361 a 4500 | ||
|---|---|---|---|
| 001 | 579914 | ||
| 003 | LC | ||
| 005 | 20160310151520.0 | ||
| 008 | 900604s1990 nyub 000 1 eng | ||
| 010 | _a 90011128 | ||
| 020 | _a0312851405 (hbk) | ||
| 020 | _a0812509714 (pbk) | ||
| 040 |
_aDLC _cDLC _dDLC |
||
| 050 | 0 | 0 |
_aPS 3560 _b.J82 1991 |
| 082 | 0 | 0 |
_aFIC _bJ76g 1991 |
| 100 | 1 |
_aJordan, Robert, _d1948-2007. _917445 |
|
| 245 | 1 | 4 |
_aThe great hunt _cRobert Jordan. |
| 250 | _a1st ed. | ||
| 260 |
_aNew York : _bTom Doherty Associates, _cc1991. |
||
| 300 |
_a600 p. : _bill. ; _c17 cm. |
||
| 490 | 1 | _aBook two of The wheel of time | |
| 490 | 0 | _aTOR fantasy | |
| 650 | 0 |
_aRand al'Thor (Fictitious character) _vFiction. _917446 |
|
| 655 | 7 |
_aFantasy fiction. _2gsafd _93053 |
|
| 800 | 1 |
_aJordan, Robert, _d1948-2007. _tWheel of time ; _vbk. 2. _917447 |
|
| 856 | 4 | 2 |
_3Publisher description _uhttp://www.loc.gov/catdir/description/hol054/90011128.html |
| 856 | 4 | 2 |
_3Contributor biographical information _uhttp://www.loc.gov/catdir/enhancements/fy0733/90011128-b.html |
| 906 |
_a7 _bcbc _corignew _d1 _eocip _f19 _gy-gencatlg |
||
| 942 |
_2lcc _cBK |
||
| 999 |
_c10717 _d10717 |
||